000 00689nam a2200289Ia 4500
005 20260324130358.0
008 008 260324s9999 xx 000 0 eng d
020 _a9780429480805
037 _aEBOOK
040 _aCRL
040 _beng
040 _cCRL
041 _2eng
041 _aeng
084 _qCRL
100 _aLaura E. Rubinstein
_91181537
245 0 _aTalking About Supervision
245 0 _b10 Questions, 10 Analysts = 100 Answers
260 _bTaylor and Francis
260 _c2007
365 _a
365 _b205
856 _uhttp://www.taylorfrancis.com/books/9780429480805
942 _cEBOOK
999 _c1777687
_d1777687